[Event "32. Copenhagen Open (Politiken Cup)"]
[Site "Elsinore"]
[Date "2010.08.06"]
[Round "8"]
[White "Skovgaard, Tom"]
[Black "Frisvold, Ole Emil"]
[Result "1/2-1/2"]
[WhiteElo "2014"]
[BlackElo "1871"]
[PlyCount "95"]
[EventDate "2010.07.31"]
[EventType "swiss"]
[EventRounds "10"]
[EventCountry "DEN"]
[Source "ChessBase"]
[SourceDate "2010.09.01"]

1. e4 c5 2. Nf3 Nc6 3. Bb5 Nf6 4. Nc3 Nd4 5. e5 Nxb5 6. Nxb5 Nd5 7. Ng5 e6 8.
Ne4 f6 9. Nbd6+ Bxd6 10. Nxd6+ Ke7 11. c4 Nc7 12. d4 cxd4 13. Qxd4 Ne8 14. O-O
Nxd6 15. Qxd6+ Kf7 16. Be3 Qe7 17. Qd1 Rf8 18. c5 fxe5 19. Qh5+ Kg8 20. Qxe5
Qf6 21. Qg3 b6 22. cxb6 axb6 23. Bxb6 Qxb2 24. Rab1 Qf6 25. Bc5 Re8 26. Rb4
Rxa2 27. Rf4 Qg6 28. Rg4 Qf6 29. Rf4 Qg6 30. Qf3 h6 31. h4 Kh7 32. h5 Qc2 33.
Bf8 Ba6 34. Bxg7 Bxf1 35. Be5 Qxf2+ 36. Qxf2 Rxf2 37. Kxf2 Bb5 38. Rf7+ Kg8 39.
Rg7+ Kf8 40. Rg6 Ke7 41. Rxh6 Bd3 42. Ke3 Bb1 43. g4 Rg8 44. g5 d6 45. Bg3 Kf7
46. g6+ Bxg6 47. hxg6+ Rxg6 48. Rxg6 1/2-1/2

[Event "32. Copenhagen Open (Politiken Cup)"]
[Site "Elsinore"]
[Date "2010.08.06"]
[Round "8"]
[White "Stray, Gunnar"]
[Black "Holst, Conny"]
[Result "0-1"]
[WhiteElo "2055"]
[BlackElo "2185"]
[PlyCount "114"]
[EventDate "2010.07.31"]
[EventType "swiss"]
[EventRounds "10"]
[EventCountry "DEN"]
[Source "ChessBase"]
[SourceDate "2010.09.01"]

1. d4 Nf6 2. Nf3 c5 3. c3 e6 4. g3 b6 5. Bg2 Bb7 6. O-O Be7 7. Nbd2 O-O 8. Re1
cxd4 9. cxd4 Nc6 10. a3 Qc7 11. b3 d5 12. Bb2 Rac8 13. Rc1 Qb8 14. b4 a5 15. b5
Na7 16. Qb3 Ne4 17. Qd3 Rxc1 18. Rxc1 Rc8 19. Nb3 Rxc1+ 20. Nxc1 Nd6 21. a4 Nc4
22. Bc3 Nc8 23. Qb1 N8d6 24. Nd2 Qc7 25. Nxc4 dxc4 26. f3 f5 27. e3 Bg5 28. Kf2
h5 29. Ne2 h4 30. Qc2 hxg3+ 31. hxg3 Qf7 32. Bb2 Be7 33. Nc3 g5 34. Qd1 f4 35.
Ne2 fxe3+ 36. Kxe3 Nf5+ 37. Kf2 Bd5 38. Qh1 Bb4 39. f4 gxf4 40. gxf4 Ne7 41.
Qh3 Qg6 42. Bxd5 Nxd5 43. Qg2 Kf7 44. Qxg6+ Kxg6 45. Kf3 Bd2 46. Bc1 Bxc1 47.
Nxc1 Nc3 48. Ke3 Kf5 49. Kf3 Nxa4 50. Na2 Nb2 51. Ke3 Nd3 52. Nc3 Nxf4 53. Nb1
Nd5+ 54. Kf3 c3 55. Na3 a4 56. Nc2 Nc7 57. Na3 Nxb5 0-1

[Event "32. Copenhagen Open (Politiken Cup)"]
[Site "Elsinore"]
[Date "2010.08.06"]
[Round "8"]
[White "Svane, Rasmus"]
[Black "Jonsson, Lennart"]
[Result "0-1"]
[WhiteElo "2216"]
[BlackElo "2105"]
[PlyCount "170"]
[EventDate "2010.07.31"]
[EventType "swiss"]
[EventRounds "10"]
[EventCountry "DEN"]
[Source "ChessBase"]
[SourceDate "2010.09.01"]

1. d4 d5 2. c4 e6 3. Nc3 f5 4. Nf3 Nf6 5. Bf4 c6 6. e3 Bd6 7. Qc2 O-O 8. Bd3
Ne4 9. O-O b6 10. a3 a5 11. Rac1 Bb7 12. Bxd6 Qxd6 13. Ne5 Nd7 14. Nxd7 Qxd7
15. Bxe4 fxe4 16. Na4 Qd8 17. cxd5 exd5 18. Qb3 Ba6 19. Rfd1 Qf6 20. Rd2 Rab8
21. Nc3 Rf7 22. Qd1 Rbf8 23. Qg4 Bc8 24. Qg3 b5 25. b4 axb4 26. axb4 Qe7 27.
Rb2 Rf6 28. Ne2 Rg6 29. Qe5 Re6 30. Qg3 Rg6 31. Qe5 Re6 32. Qb8 Ref6 33. Nf4
Qf7 34. Rbc2 g5 35. Ne2 Rxf2 36. Ng3 Qf6 37. Qc7 Bh3 38. Qe5 Qxe5 39. dxe5 Rxc2
40. Rxc2 Bd7 41. Nh5 Kf7 42. Nf6 Ke6 43. Nxh7 Rf5 44. Nf6 Rxe5 45. Rf2 Kd6 46.
Nxd7 Kxd7 47. Rf7+ Kd6 48. Kf2 Re7 49. Rf5 Re5 50. Rf7 Re7 51. Rf5 Rg7 52. Rf6+
Kc7 53. Kg3 g4 54. Rf4 c5 55. bxc5 Kc6 56. Rf8 Kxc5 57. Kf4 b4 58. Rc8+ Kd6 59.
Rb8 Kc5 60. Ke5 Re7+ 61. Kf5 Rh7 62. Kxg4 Rxh2 63. Rc8+ Kb5 64. Kg3 Rh6 65. Kf4
b3 66. Rc1 Kb4 67. Ke5 Rh5+ 68. Kd4 b2 69. Rc8 Kb3 70. Rb8+ Kc2 71. Rc8+ Kb1
72. Rb8 Rg5 73. g4 Rxg4 74. Kxd5 Kc2 75. Rc8+ Kd3 76. Rb8 Rg5+ 77. Kd6 Kxe3 78.
Rxb2 Kf3 79. Rb8 e3 80. Rf8+ Ke2 81. Kc6 Ke1 82. Re8 e2 83. Rf8 Rg1 84. Rd8 Kf2
85. Rf8+ Ke3 0-1

[Event "32. Copenhagen Open (Politiken Cup)"]
[Site "Elsinore"]
[Date "2010.08.06"]
[Round "8"]
[White "Taylor, Graham Christopher"]
[Black "Hornsgaard, Jens Boe"]
[Result "0-1"]
[WhiteElo "2160"]
[BlackElo "2044"]
[PlyCount "88"]
[EventDate "2010.07.31"]
[EventType "swiss"]
[EventRounds "10"]
[EventCountry "DEN"]
[Source "ChessBase"]
[SourceDate "2010.09.01"]

1. c4 e5 2. Nc3 Nf6 3. Nf3 Nc6 4. g3 Bb4 5. Bg2 O-O 6. O-O Bxc3 7. bxc3 e4 8.
Ng5 Re8 9. f3 e3 10. dxe3 b6 11. e4 h6 12. Nh3 Qe7 13. Be3 Ba6 14. Qa4 Na5 15.
c5 Bxe2 16. Rfe1 Bc4 17. Nf4 Be6 18. Bf2 Nb7 19. Nxe6 fxe6 20. cxb6 axb6 21.
Qc2 e5 22. Bf1 Ra3 23. Bc4+ Kh8 24. Kg2 Rea8 25. Qb2 Nc5 26. Bxc5 Qxc5 27. Bb3
Re8 28. Rad1 Raa8 29. Qf2 Qxf2+ 30. Kxf2 Ra5 31. Re2 Rc5 32. Rc2 g5 33. h3 Kg7
34. Ke3 d6 35. Kf2 Kg6 36. Ke3 h5 37. Rdd2 Rh8 38. Be6 h4 39. Rg2 hxg3 40. Rxg3
Nh5 41. Rg4 Kf6 42. Bf5 Ng7 43. Kd3 Nxf5 44. exf5 Rxh3 0-1

[Event "32. Copenhagen Open (Politiken Cup)"]
[Site "Elsinore"]
[Date "2010.08.06"]
[Round "8"]
[White "Thomsen, Peter"]
[Black "Larsen, Tor Ketil"]
[Result "1-0"]
[WhiteElo "1871"]
[BlackElo "2022"]
[PlyCount "75"]
[EventDate "2010.07.31"]
[EventType "swiss"]
[EventRounds "10"]
[EventCountry "DEN"]
[Source "ChessBase"]
[SourceDate "2010.09.01"]

1. e4 d6 2. d4 Nf6 3. Nc3 g6 4. h3 c6 5. Be3 Bg7 6. Qd2 O-O 7. f4 e5 8. Nge2
exf4 9. Bxf4 Re8 10. Ng3 Nxe4 11. Ncxe4 f5 12. Bc4+ d5 13. Bb3 fxe4 14. O-O a5
15. Bg5 Qc7 16. Bf4 Qb6 17. c3 Nd7 18. Bh6 a4 19. Bxg7 e3 20. Qe2 Kxg7 21. Bc2
Qd8 22. Rf4 b6 23. Raf1 Ba6 24. Rf7+ Kg8 25. Qg4 Nf8 26. R1f6 Bc8 27. Rxf8+
Rxf8 28. Rxg6+ Kh8 29. Qh5 Ra7 30. Qe5+ Rf6 31. Rxf6 Kg8 32. Qg5+ Rg7 33. Bxh7+
Kh8 34. Qh6 Qe7 35. Bf5+ Kg8 36. Bxc8 Rh7 37. Be6+ Qxe6 38. Rf8# 1-0

[Event "32. Copenhagen Open (Politiken Cup)"]
[Site "Elsinore"]
[Date "2010.08.06"]
[Round "8"]
[White "Torner Planell, Jordi"]
[Black "Gundersen, Ingvar"]
[Result "1-0"]
[WhiteElo "1978"]
[BlackElo "1779"]
[PlyCount "167"]
[EventDate "2010.07.31"]
[EventType "swiss"]
[EventRounds "10"]
[EventCountry "DEN"]
[Source "ChessBase"]
[SourceDate "2010.09.01"]

1. d4 e6 2. g3 d5 3. Bg2 c5 4. c4 dxc4 5. Qa4+ Qd7 6. Qxc4 Qxd4 7. Qc2 Nc6 8.
Nf3 Qd5 9. Nc3 Nb4 10. Qb1 Qc4 11. O-O Nf6 12. Ne5 Qa6 13. a4 Bd6 14. Nf3 O-O
15. Bg5 Be7 16. Rd1 h6 17. Bf4 Nfd5 18. Be5 f6 19. Nxd5 Nxd5 20. Bc3 Qxe2 21.
Re1 Qc4 22. Nd2 Nxc3 23. bxc3 Qxc3 24. Ne4 Qb4 25. Qd1 f5 26. Rb1 Qd4 27. Nd2
Rb8 28. Qc2 b6 29. Nf3 Qf6 30. Ne5 Bd6 31. Nc6 Rb7 32. Rbd1 Rd7 33. Rxe6 Qxe6
34. Bd5 Qxd5 35. Rxd5 Re8 36. Qd1 Re6 37. Ne5 Rd8 38. Nc4 Rde8 39. Ne3 Bc7 40.
Qd3 Re4 41. Qd1 f4 42. Ng2 Kh8 43. gxf4 R4e6 44. Rd3 c4 45. Re3 Rd8 46. Qe1
Red6 47. Re8+ Kh7 48. Qe4+ Rg6 49. Rxd8 Bxd8 50. f5 Rg5 51. Qe8 Bxf5 52. Qxd8
c3 53. f4 Rg6 54. Kf2 c2 55. Qc7 Re6 56. Ne3 Be4 57. Nxc2 Rc6 58. Qxa7 Rxc2+
59. Ke3 Bg6 60. Qxb6 Rxh2 61. a5 Rh3+ 62. Kd4 Rd3+ 63. Ke5 Rd1 64. a6 Re1+ 65.
Kd6 Bf5 66. Kc5 Rc1+ 67. Kd4 Re1 68. Kc3 Rc1+ 69. Kd2 Rc2+ 70. Ke3 Rc3+ 71. Kd4
Rd3+ 72. Ke5 Bg6 73. a7 Ra3 74. Qb8 Re3+ 75. Kd4 Re4+ 76. Kc5 Ra4 77. a8=Q Rxa8
78. Qxa8 Bf5 79. Kd4 h5 80. Ke5 Bg6 81. f5 Bf7 82. Qf8 Bb3 83. f6 gxf6+ 84.
Kxf6 1-0

[Event "32. Copenhagen Open (Politiken Cup)"]
[Site "Elsinore"]
[Date "2010.08.06"]
[Round "8"]
[White "Torner Planell, Josep Ramon"]
[Black "Christensen, Casper"]
[Result "1-0"]
[WhiteElo "2034"]
[BlackElo "1888"]
[PlyCount "107"]
[EventDate "2010.07.31"]
[EventType "swiss"]
[EventRounds "10"]
[EventCountry "DEN"]
[Source "ChessBase"]
[SourceDate "2010.09.01"]

1. e4 c5 2. Nf3 d6 3. d4 cxd4 4. Qxd4 Nc6 5. Bb5 Bd7 6. Bxc6 Bxc6 7. Nc3 e5 8.
Qd3 Nf6 9. Bg5 h6 10. Bxf6 Qxf6 11. Nd2 Rd8 12. O-O Be7 13. Nc4 O-O 14. Ne3 Qe6
15. Rad1 Rfe8 16. Ncd5 Bxd5 17. Nxd5 Rd7 18. Qa3 a6 19. Qa4 Red8 20. Qb3 Bf8
21. Rd3 Kh8 22. Ne3 Qxb3 23. axb3 Rc7 24. c3 Rc6 25. Rfd1 g6 26. Kf1 Kg7 27.
Nd5 b5 28. Ra1 Ra8 29. Ra5 f5 30. f3 Kf7 31. Rd1 Be7 32. Nb4 Rb6 33. Rda1 Ke6
34. Rxa6 Rbxa6 35. Rxa6 Rxa6 36. Nxa6 Bd8 37. Nb4 Bg5 38. Ke2 Bf4 39. h3 Bc1
40. Nd3 Bg5 41. Nb4 Bc1 42. Nd5 Bg5 43. Nc7+ Kd7 44. Nxb5 Kc6 45. c4 Kc5 46.
Kd3 Bd8 47. b4+ Kc6 48. Nc3 f4 49. Nd5 h5 50. b5+ Kb7 51. b4 h4 52. c5 dxc5 53.
bxc5 Kc8 54. Kc4 1-0

[Event "32. Copenhagen Open (Politiken Cup)"]
[Site "Elsinore"]
[Date "2010.08.06"]
[Round "8"]
[White "Unzicker, Ferdinand"]
[Black "Akdag, Dara Sevkan"]
[Result "1-0"]
[WhiteElo "2324"]
[BlackElo "2164"]
[PlyCount "63"]
[EventDate "2010.07.31"]
[EventType "swiss"]
[EventRounds "10"]
[EventCountry "DEN"]
[Source "ChessBase"]
[SourceDate "2010.09.01"]

1. c4 Nf6 2. Nf3 e6 3. Nc3 d5 4. d4 c6 5. cxd5 exd5 6. Bg5 Be7 7. Qc2 Nbd7 8.
e3 Nh5 9. Bxe7 Qxe7 10. O-O-O Nb6 11. h3 Nc4 12. Bxc4 dxc4 13. d5 O-O 14. dxc6
bxc6 15. Rd2 Qc5 16. a3 Nf6 17. e4 Qh5 18. Rhd1 Rb8 19. Nd4 Bd7 20. f3 Qa5 21.
Nde2 Rb7 22. Nb1 Rfb8 23. Qxc4 Be6 24. Qc3 Qc7 25. Nd4 Bd7 26. Qc5 Qf4 27. Ne2
Qh6 28. Nbc3 Rxb2 29. g4 Rxd2 30. Rxd2 Be6 31. g5 Nxe4 32. Qe5 1-0

[Event "32. Copenhagen Open (Politiken Cup)"]
[Site "Elsinore"]
[Date "2010.08.07"]
[Round "9"]
[White "Aabling Thomsen, Jakob"]
[Black "Hector, Jonny"]
[Result "0-1"]
[WhiteElo "2314"]
[BlackElo "2584"]
[PlyCount "62"]
[EventDate "2010.07.31"]
[EventType "swiss"]
[EventRounds "10"]
[EventCountry "DEN"]
[Source "ChessBase"]
[SourceDate "2010.09.01"]

1. e4 e5 2. Nf3 Nc6 3. d4 exd4 4. Nxd4 Qf6 5. Be3 Bc5 6. c3 Qg6 7. Qf3 Bxd4 8.
cxd4 Nge7 9. Nc3 d5 10. Bd3 Nb4 11. Bb1 dxe4 12. Bxe4 Bg4 13. Qf4 Bf5 14. O-O
Bxe4 15. Nxe4 O-O 16. Nc5 Nbd5 17. Qf3 b6 18. Nd7 Rfe8 19. Ne5 Qf5 20. Qg3 f6
21. Ng4 Qg6 22. Bd2 Nf5 23. Qf3 c6 24. Ne3 Nxd4 25. Qd1 Nf4 26. Qg4 Qxg4 27.
Nxg4 Nd3 28. Bc3 Ne2+ 29. Kh1 h5 30. Ne3 Nxc3 31. bxc3 Nxf2+ 0-1

[Event "32. Copenhagen Open (Politiken Cup)"]
[Site "Elsinore"]
[Date "2010.08.07"]
[Round "9"]
[White "Akdag, Dara Sevkan"]
[Black "Peschlow, Patrick"]
[Result "0-1"]
[WhiteElo "2164"]
[BlackElo "2311"]
[PlyCount "114"]
[EventDate "2010.07.31"]
[EventType "swiss"]
[EventRounds "10"]
[EventCountry "DEN"]
[Source "ChessBase"]
[SourceDate "2010.09.01"]

1. d4 Nf6 2. c4 g6 3. Nc3 d5 4. cxd5 Nxd5 5. Bd2 Bg7 6. e4 Nb6 7. Be3 O-O 8.
Bb5 Be6 9. Nf3 Bg4 10. h3 Bxf3 11. gxf3 e6 12. h4 a6 13. Be2 Nc6 14. e5 Qe7 15.
Bd3 Rad8 16. Ne2 Nxd4 17. Nxd4 Qb4+ 18. Qd2 Rxd4 19. Qxb4 Rxb4 20. Bc5 Rxb2 21.
Ba3 Bxe5 22. Bxb2 Bxb2 23. Rb1 Bd4 24. h5 Rd8 25. hxg6 hxg6 26. Be4 Bc3+ 27.
Kf1 Rd2 28. Rc1 Be5 29. Rc2 Rxc2 30. Bxc2 Nd5 31. Be4 b5 32. Kg2 c5 33. Rc1 Bd4
34. Kf1 f5 35. Bc2 c4 36. a4 b4 37. Bd1 c3 38. a5 Kf7 39. Bb3 Ke7 40. Rd1 Be5
41. Ke2 Kd6 42. Kd3 Kc5 43. Rh1 Nf4+ 44. Kc2 Ne2 45. Re1 Nd4+ 46. Kd3 Nxb3 47.
Rxe5+ Kd6 48. Re1 Kd5 49. Rh1 Nc5+ 50. Kc2 g5 51. Rh8 Kc4 52. Rc8 b3+ 53. Kb1
Kb4 54. Rd8 Ka3 55. f4 g4 56. Rd4 Ne4 57. f3 Nd2+ 0-1

[Event "32. Copenhagen Open (Politiken Cup)"]
[Site "Elsinore"]
[Date "2010.08.07"]
[Round "9"]
[White "Amarapala, Sherington"]
[Black "Wadtland, Flemming"]
[Result "1-0"]
[WhiteElo "1694"]
[BlackElo "1567"]
[PlyCount "73"]
[EventDate "2010.07.31"]
[EventType "swiss"]
[EventRounds "10"]
[EventCountry "DEN"]
[Source "ChessBase"]
[SourceDate "2010.09.01"]

1. e4 d6 2. Nf3 Nf6 3. Nc3 g6 4. d4 Bg7 5. h3 O-O 6. Bc4 c6 7. Bf4 b5 8. Bd3 e6
9. Qd2 Nh5 10. Bh6 f5 11. exf5 exf5 12. O-O-O d5 13. Bxg7 Kxg7 14. Ne5 Qf6 15.
Be2 f4 16. Bxh5 gxh5 17. Ne2 Nd7 18. g3 f3 19. Nf4 Qh6 20. Nxf3 Bb7 21. Ng5 Kh8
22. Nfe6 Kg8 23. Nxf8 Rxf8 24. g4 Nf6 25. gxh5 Nxh5 26. Rhg1 Nf4 27. Ne6+ Kh8
28. Nxf4 Qxf4 29. Qxf4 Rxf4 30. Rde1 Rf8 31. Re7 Bc8 32. Rgg7 Bf5 33. Rgf7 Kg8
34. Rxf8+ Kxf8 35. Rxa7 Bxh3 36. Rxh7 Bf5 37. Rc7 1-0

[Event "32. Copenhagen Open (Politiken Cup)"]
[Site "Elsinore"]
[Date "2010.08.07"]
[Round "9"]
[White "Andersen, Jackie"]
[Black "Petersen, Steen"]
[Result "1-0"]
[WhiteElo "2276"]
[BlackElo "2152"]
[PlyCount "89"]
[EventDate "2010.07.31"]
[EventType "swiss"]
[EventRounds "10"]
[EventCountry "DEN"]
[Source "ChessBase"]
[SourceDate "2010.09.01"]

1. d4 d5 2. c4 Bf5 3. Nc3 e6 4. Nf3 c6 5. Bf4 Nf6 6. Qb3 Qb6 7. c5 Qxb3 8. axb3
Nbd7 9. b4 Ne4 10. b5 Nxc3 11. bxc3 a5 12. bxa6 bxa6 13. Bc7 Be7 14. e3 O-O 15.
Be2 Rfc8 16. Ba5 Rcb8 17. O-O Rb2 18. Rfe1 g5 19. h3 h6 20. Bf1 Kf8 21. Re2
Rxe2 22. Bxe2 Ke8 23. Ne1 Bd8 24. Bxd8 Kxd8 25. Rxa6 Rxa6 26. Bxa6 f6 27. Be2
Bg6 28. Nd3 Bxd3 29. Bxd3 Ke7 30. Kh2 e5 31. Kg3 Kf7 32. f3 Nf8 33. Bf5 Ne6 34.
Bxe6+ Kxe6 35. Kg4 f5+ 36. Kg3 f4+ 37. exf4 gxf4+ 38. Kg4 Kf6 39. Kh5 e4 40.
fxe4 dxe4 41. Kg4 f3 42. gxf3 e3 43. Kg3 Kf5 44. c4 h5 45. h4 1-0

[Event "32. Copenhagen Open (Politiken Cup)"]
[Site "Elsinore"]
[Date "2010.08.07"]
[Round "9"]
[White "Andersen, Morten"]
[Black "Jensen, Ib"]
[Result "1-0"]
[WhiteElo "2179"]
[BlackElo "1970"]
[PlyCount "107"]
[EventDate "2010.07.31"]
[EventType "swiss"]
[EventRounds "10"]
[EventCountry "DEN"]
[Source "ChessBase"]
[SourceDate "2010.09.01"]

1. d4 d5 2. Nf3 Nc6 3. g3 Bg4 4. Nbd2 Qd7 5. h3 Bf5 6. g4 Bg6 7. Bg2 f6 8. c3
e5 9. Nb3 Bf7 10. Nc5 Bxc5 11. dxc5 Nge7 12. b4 Ng6 13. a4 e4 14. Nd4 Nh4 15.
Bf1 a6 16. Bf4 O-O 17. Bg3 Nxd4 18. cxd4 Ng6 19. e3 Ne7 20. Be2 Be6 21. b5 axb5
22. Bxb5 c6 23. Be2 f5 24. Bd6 Rf7 25. g5 f4 26. Bxf4 Ng6 27. Bg3 Bxh3 28. a5
Bg2 29. Rg1 Bf3 30. Bxf3 Rxf3 31. Qb3 Rf7 32. Kd2 Ne7 33. a6 bxa6 34. Rgb1 Nc8
35. Ra5 Na7 36. Rxa6 Raf8 37. Qb6 Rxf2+ 38. Bxf2 Rxf2+ 39. Ke1 Nc8 40. Ra8 Rf8
41. Qb7 Qg4 42. Kd2 Qg2+ 43. Kc3 Qe2 44. Rxc8 Qxe3+ 45. Kb4 Qd2+ 46. Ka3 Qc3+
47. Rb3 Qa5+ 48. Kb2 Qd2+ 49. Kb1 Qd1+ 50. Ka2 Qd2+ 51. Rb2 Qxd4 52. Rxf8+ Kxf8
53. Qc8+ Kf7 54. Qf5+ 1-0

[Event "32. Copenhagen Open (Politiken Cup)"]
[Site "Elsinore"]
[Date "2010.08.07"]
[Round "9"]
[White "Andersen, Rune Egede"]
[Black "Kaaber Hansen, Jacob"]
[Result "0-1"]
[WhiteElo "2100"]
[BlackElo "2232"]
[PlyCount "87"]
[EventDate "2010.07.31"]
[EventType "swiss"]
[EventRounds "10"]
[EventCountry "DEN"]
[Source "ChessBase"]
[SourceDate "2010.09.01"]

1. e4 c6 2. d4 d5 3. exd5 cxd5 4. Bd3 Nc6 5. c3 Nf6 6. Bf4 g6 7. Nf3 Bg7 8. O-O
Nh5 9. Bg5 O-O 10. Re1 Qd6 11. Bh4 e5 12. dxe5 Nxe5 13. Nxe5 Bxe5 14. Nd2 Bxh2+
15. Kh1 Be5 16. Qf3 Bf6 17. Bxf6 Nxf6 18. c4 Bg4 19. Qe3 Rfe8 20. Qd4 b6 21.
Ne4 Nxe4 22. Bxe4 Re5 23. Kg1 Rae8 24. cxd5 f5 25. f3 fxe4 26. fxg4 Qxd5 27.
Red1 Qxd4+ 28. Rxd4 R8e7 29. Kf2 Kg7 30. Ke3 Kf6 31. Rf1+ Kg5 32. Rf4 Kh4 33.
a4 a5 34. Rd6 b5 35. b3 Kg3 36. Rb6 bxa4 37. bxa4 g5 38. Rf5 Kxg4 39. Rxe5 Rxe5
40. Rb5 Kf5 41. Kd4 Rxb5 42. axb5 Ke6 43. Kxe4 a4 44. b6 0-1

[Event "32. Copenhagen Open (Politiken Cup)"]
[Site "Elsinore"]
[Date "2010.08.07"]
[Round "9"]
[White "Andreassen, Mikkel"]
[Black "Jessen, Ernst J"]
[Result "1/2-1/2"]
[WhiteElo "1968"]
[BlackElo "1771"]
[PlyCount "51"]
[EventDate "2010.07.31"]
[EventType "swiss"]
[EventRounds "10"]
[EventCountry "DEN"]
[Source "ChessBase"]
[SourceDate "2010.09.01"]

1. d4 Nf6 2. c4 d5 3. cxd5 Nxd5 4. Nf3 c6 5. e4 Nf6 6. Nc3 Bg4 7. Be3 e6 8. a3
Be7 9. Be2 O-O 10. O-O Nbd7 11. h3 Bh5 12. Qc2 Bg6 13. Bd3 h6 14. Rad1 Qc7 15.
Nh4 Bh7 16. f4 Nxe4 17. Bxe4 Bxe4 18. Qxe4 Bxh4 19. f5 Bf6 20. fxe6 fxe6 21.
Qxe6+ Kh8 22. Ne4 Rae8 23. Qg4 Re7 24. Qg6 Qd8 25. Rf3 Qe8 26. Qxe8 1/2-1/2

[Event "32. Copenhagen Open (Politiken Cup)"]
[Site "Elsinore"]
[Date "2010.08.07"]
[Round "9"]
[White "Antonsen, Mikkel"]
[Black "Landa, Konstantin"]
[Result "0-1"]
[WhiteElo "2463"]
[BlackElo "2598"]
[PlyCount "66"]
[EventDate "2010.07.31"]
[EventType "swiss"]
[EventRounds "10"]
[EventCountry "DEN"]
[Source "ChessBase"]
[SourceDate "2010.09.01"]

1. d4 d5 2. c4 e6 3. Nc3 Bb4 4. a3 Bxc3+ 5. bxc3 b6 6. cxd5 exd5 7. e3 Ne7 8.
Bd3 O-O 9. Ne2 Ba6 10. O-O c5 11. dxc5 bxc5 12. e4 Bxd3 13. Qxd3 Nbc6 14. Bg5
dxe4 15. Qxe4 Qd5 16. Qxd5 Nxd5 17. Rfd1 Nb6 18. Be3 Na4 19. Rd6 Rac8 20. g3
Rfd8 21. Rxd8+ Rxd8 22. Rb1 Rd7 23. Kg2 f6 24. Rb3 Kf7 25. h4 h5 26. Rb5 g6 27.
Nc1 a6 28. Rb1 Na5 29. Ne2 Nc4 30. Kf3 Nxe3 31. fxe3 g5 32. Ke4 Rd2 33. Re1
Rxe2 0-1

[Event "32. Copenhagen Open (Politiken Cup)"]
[Site "Elsinore"]
[Date "2010.08.07"]
[Round "9"]
[White "Baklan, Vladimir"]
[Black "Sorensen, Torben N"]
[Result "1-0"]
[WhiteElo "2638"]
[BlackElo "2419"]
[PlyCount "81"]
[EventDate "2010.07.31"]
[EventType "swiss"]
[EventRounds "10"]
[EventCountry "DEN"]
[Source "ChessBase"]
[SourceDate "2010.09.01"]

1. e4 c5 2. Nf3 g6 3. d4 cxd4 4. Qxd4 Nf6 5. e5 Nc6 6. Qa4 Nd5 7. Qe4 Ndb4 8.
Bb5 Qa5 9. Nc3 d5 10. exd6 Bf5 11. Qe5 Nxc2+ 12. Ke2 O-O-O 13. Qxh8 Nxa1 14.
Rd1 Nc2 15. Kf1 exd6 16. Qxh7 Be6 17. Ng5 Bxa2 18. Nxf7 Rd7 19. Qxg6 Bxf7 20.
Qxc2 Bg7 21. Qa4 Bxc3 22. bxc3 Qxc3 23. Bd2 Qb3 24. Qxb3 Bxb3 25. Rc1 d5 26.
Bf4 a6 27. Bd3 Rf7 28. g3 Kd7 29. Rb1 Na5 30. Bd2 Bc4 31. Bxc4 Nxc4 32. Rxb7+
Ke6 33. Rxf7 Kxf7 34. Bc3 a5 35. Ke2 a4 36. Kd3 a3 37. h4 Nd6 38. Kc2 Nb5 39.
Ba1 d4 40. Kd3 a2 41. g4 1-0

[Event "32. Copenhagen Open (Politiken Cup)"]
[Site "Elsinore"]
[Date "2010.08.07"]
[Round "9"]
[White "Caceres, Cipriano Sande"]
[Black "Gupta, Sudhir Kumar"]
[Result "0-1"]
[WhiteElo "1745"]
[BlackElo "1835"]
[PlyCount "80"]
[EventDate "2010.07.31"]
[EventType "swiss"]
[EventRounds "10"]
[EventCountry "DEN"]
[Source "ChessBase"]
[SourceDate "2010.09.01"]

1. c4 Nf6 2. Nc3 e6 3. g3 d5 4. cxd5 exd5 5. Bg2 c6 6. d4 Bd6 7. Nf3 O-O 8. O-O
Bf5 9. Bg5 h6 10. Bxf6 Qxf6 11. Nh4 Nd7 12. Nxf5 Qxf5 13. e4 dxe4 14. Nxe4 Bc7
15. Qb3 Bb6 16. Rad1 Nf6 17. Nd6 Qd7 18. Nc4 Qc7 19. Ne5 Kh8 20. f4 Rad8 21.
Qc4 Nd5 22. Rfe1 Qd6 23. a3 Bc7 24. b4 Qf6 25. Qe2 Nc3 26. Qc4 Nxd1 27. Rxd1
Bxe5 28. fxe5 Qe6 29. Qf1 Qb3 30. Rd3 Qc4 31. Qd1 f6 32. exf6 Rxf6 33. d5 Rfd6
34. Rd4 Qc3 35. Rd3 Qe5 36. a4 cxd5 37. Rd4 Re8 38. Rxd5 Rxd5 39. Qxd5 Qe1+ 40.
Bf1 Rf8 0-1

[Event "32. Copenhagen Open (Politiken Cup)"]
[Site "Elsinore"]
[Date "2010.08.07"]
[Round "9"]
[White "Capion, Jon Gotz"]
[Black "Halamus, Agata"]
[Result "1/2-1/2"]
[WhiteElo "1799"]
[BlackElo "1996"]
[PlyCount "120"]
[EventDate "2010.07.31"]
[EventType "swiss"]
[EventRounds "10"]
[EventCountry "DEN"]
[Source "ChessBase"]
[SourceDate "2010.09.01"]

1. d4 d5 2. Nc3 c6 3. e4 dxe4 4. Nxe4 Bf5 5. Ng3 Bg6 6. h4 h6 7. h5 Bh7 8. Nf3
Nd7 9. Bd3 Bxd3 10. Qxd3 e6 11. Bd2 Ngf6 12. O-O-O Bd6 13. Ne4 Nxe4 14. Qxe4
Nf6 15. Qe2 Qc7 16. g3 O-O-O 17. c4 Qe7 18. Kb1 Kb8 19. Ne5 Bxe5 20. Qxe5+ Ka8
21. f3 Nd7 22. Qa5 c5 23. Be3 Nb8 24. d5 b6 25. Qc3 f6 26. Bf4 e5 27. Bc1 Rhe8
28. Rde1 Qb7 29. Qc2 b5 30. Rd1 Na6 31. a3 Rd6 32. Rd3 bxc4 33. Qxc4 Rb8 34.
Rhd1 Qb5 35. Qg4 c4 36. Rc3 Rxd5 37. Rxd5 Qxd5 38. Qxc4 Qxc4 39. Rxc4 Re8 40.
b4 Kb7 41. Be3 Nc7 42. Kb2 Nd5 43. Bc5 f5 44. Kc2 Nf6 45. g4 fxg4 46. fxg4 e4
47. Bd6 Re6 48. Rc7+ Kb6 49. Bg3 Nxg4 50. Rxg7 Ne3+ 51. Kc1 Rc6+ 52. Kd2 Nc4+
53. Ke2 Nxa3 54. Rg6 Nc2 55. Bf4 Nxb4 56. Bxh6 Nd3 57. Be3+ Kb7 58. Rxc6 Kxc6
59. h6 Ne5 60. h7 Ng6 1/2-1/2

[Event "32. Copenhagen Open (Politiken Cup)"]
[Site "Elsinore"]
[Date "2010.08.07"]
[Round "9"]
[White "Carnstam, Tomas"]
[Black "Schou Moldt, Thomas"]
[Result "0-1"]
[WhiteElo "2004"]
[BlackElo "2183"]
[PlyCount "82"]
[EventDate "2010.07.31"]
[EventType "swiss"]
[EventRounds "10"]
[EventCountry "DEN"]
[Source "ChessBase"]
[SourceDate "2010.09.01"]

1. c4 Nf6 2. Nc3 d6 3. d4 e5 4. Nf3 Nbd7 5. e3 g6 6. Be2 Bg7 7. O-O O-O 8. dxe5
dxe5 9. e4 Re8 10. Qc2 c6 11. Rd1 Qc7 12. h3 Nh5 13. Bf1 Nc5 14. Be3 Ne6 15. g3
Bf8 16. Ne2 Nhg7 17. g4 Be7 18. Ng3 Nf4 19. Qc3 f6 20. Bxf4 exf4 21. Ne2 Kf7
22. e5 Bd8 23. Nxf4 fxe5 24. Nxe5+ Rxe5 25. Rxd8 Re4 26. Ne2 Qxd8 27. Qf3+ Bf5
28. gxf5 Qg5+ 29. Ng3 gxf5 30. Kh2 Rf4 31. Qe3 Re8 32. Qxa7 Re7 33. Rd1 Ne6 34.
Re1 c5 35. Re2 h5 36. Bg2 h4 37. Nh1 Rd4 38. Bd5 Rd1 39. Bxe6+ Kf6 40. Ng3
hxg3+ 41. fxg3 Qc1 0-1

[Event "32. Copenhagen Open (Politiken Cup)"]
[Site "Elsinore"]
[Date "2010.08.07"]
[Round "9"]
[White "Carstensen, Jacob"]
[Black "Nielsen, Henning"]
[Result "1-0"]
[WhiteElo "2295"]
[BlackElo "2164"]
[PlyCount "62"]
[EventDate "2010.07.31"]
[EventType "swiss"]
[EventRounds "10"]
[EventCountry "DEN"]
[Source "ChessBase"]
[SourceDate "2010.09.01"]

1. d4 Nf6 2. c4 e6 3. g3 c5 4. d5 exd5 5. cxd5 d6 6. Nc3 g6 7. Bg2 Bg7 8. Nf3
O-O 9. O-O Re8 10. h3 a6 11. a4 Nbd7 12. Nd2 Nh5 13. e4 Ne5 14. Kh2 Bd7 15. f4
Nd3 16. Nc4 Nxc1 17. Nxd6 Bxa4 18. Nxa4 Qxd6 19. Rxc1 Rac8 20. Qf3 f5 21. exf5
Rc7 22. Rfe1 Rxe1 23. Rxe1 b5 24. Re6 Qf8 25. d6 Rd7 26. Qd5 Kh8 27. Nxc5 Rd8
28. Nb7 Rd7 29. Qc6 Qf7 30. Qc8+ Bf8 31. Re8 Kg8 1-0